00686nam a2200241 a 4500001001300000003000900013005001700022008004100039020000900080082001700089100001900106245001900125260004000144300000900184500003500193505002900228650002000257700001900277902000800296942000700304952011600311999001700427nice12345678IN_TiNIC20260116013619.0050524s1992 dela grp 000 0 urd  ac3500a297.303bMUR aMurad, Khurram aMasail-O-Afkar aDelhibMarkazi Maktaba Islamic1992 a246p aincludes index and biblioraphy2 avol.Nos. X and XIII only aIslam-Movements1 aMurad, Khurram bSRS cBK 001040708StackRoom-aHMIbHMId2007-07-26g35.00l0o297.303 MURp015667r2007-07-26v35.00w2005-05-24yBK c11658d11658